000 01757cam a2200409Ia 4500
001 163094924
003 OCoLC
005 20230611203647.0
008 070807s2007 nyua d 000 0 eng d
020 _a9789812680334
_q(paperback)
020 _a9812680330
_q(paperback)
040 _aSDL
_beng
_cSDL
_dBAKER
_dCPL
_dYDXCP
_dBTCTA
_dC6C
_dOCLCF
_dOCLCO
_dOCLCQ
_dJDP
_dOCLCO
_dOCL
041 0 _aeng
_aspa
050 4 _aPC4121
_b.S6766 2007x
082 0 4 _a468.3/421
_222
092 _aLANG LEARN 468.3421 SPA
245 0 0 _aSpanish phrase book & dictionary.
246 3 0 _aSpanish phrase book and dictionary.
246 1 _iAt head of title:
_aBerlitz.
246 3 _aBerlitz Spanish phrase book & dictionary.
260 _aNew York :
_bBerlitz Pub.,
_cc2007.
300 _a223 pages :
_bcolor illustrations ;
_c15 cm.
336 _atext
_btxt
_2rdacontent.
337 _aunmediated
_bn
_2rdamedia.
338 _avolume
_bnc
_2rdacarrier.
520 _aMeet and greet locals easily and comfortably using the Berlitz Phrase Book, the unparalleled market leader in foreign language books. Perfect for both business travelers and vacationers, this easy-to-use, color-coded reference contains essential expressions, a bilingual dictionary, and menu reader.
650 0 _aSpanish language
_vConversation and phrase books
_xEnglish.
650 0 _aSpanish language materials
_xBilingual.
650 7 _aSpanish language.
_2fast
_0(OCoLC)fst01128292.
655 7 _aPhrase books.
_2fast
_0(OCoLC)fst01920778.
655 7 _aDictionaries.
_2fast
_0(OCoLC)fst01423826.
655 7 _aConversation and phrase books.
_2fast
_0(OCoLC)fst01423775.
655 7 _aDictionaries.
_2lcgft.
655 7 _aPhrase books.
_2lcgft.
710 2 _aBerlitz Publishing Company.
942 _cBK
999 _c28155
_d28155